Statistics for Most Populous European Islands

Click here to take the quiz!

General Stats

  • This quiz has been taken 2,973 times
  • The average score is 9 of 20

Answer Stats

PopultionIsland% Correct
6,197,100Ireland
96%
5,036,666Sicily
90%
855,000Cyprus
86%
61,500,000Great Britain
86%
406,000Malta
86%
302,000Corsica
85%
305,000Iceland
85%
1,670,219Sardinia
84%
623,666Crete
83%
846,000Majorca
65%
2,164,217Zealand
43%
140,000Isle of Wight
23%
447,060Fyn
15%
218,032Euboea
11%
160,064Amager
2%
126,000Hisingen
2%
147,088Portsea Island
2%
141,000São Miguel Island
2%
306,373Vendsyssel-Thy
2%
202,650Vasilievsky Island
1%

Score Distribution

Percentile by Number Answered

Percent of People with Each Score

Your Score History

You have not taken this quiz